000 00644nam a22002537a 4500
003 UA-OsUOA
001 32868
007 ta
008 20050214b un ||||| |||| 00| 0 ukr d
100 _aЦыбульский В.В.
090 _a301
_bЦ93
942 _cBK
040 _aUA-OsUOA
_brus
_cUA-OsUOA
_dUA-OsUOA
245 _aМолодежь и общество: Социологические очерки
300 _a175 с.
955 _a0
041 _arus
080 _a301
020 _a5-319-00544-Х
260 _aКиев
_bПолитиздат Украины
_c1990
044 _aUA
650 7 _2UDC
999 _c319321
_d319321